| 000 | 00704nam a2200133Ia 4500 | ||
|---|---|---|---|
| 008 | 171212s9999 xx 000 0 und d | ||
| 020 | _a9780833050472 | ||
| 100 | _aCastaneda, Laura Werber;Ridgeway, Greg | ||
| 245 |
_cCastaneda, Laura Werber;Ridgeway, Greg _aToday's Police and Sheriff Recruits _bInsights from the Newest Members of America's Law Enforcement Community |
||
| 260 |
_bRAND Corporation _c2010 |
||
| 650 | _aLaw | ||
| 650 | _aPolice -- Recruiting -- United States; Police recruits -- United States; Law enforcement -- Vocational guidance -- United States; Police -- Personnel management -- United States; Employee retention -- United States | ||
| 856 | _uwww.jstor.org/stable/10.7249/mg992doj | ||
| 999 |
_c352741 _d352741 |
||